LEADER 01252nam2 22003011i 450 001 UON00423131 005 20231205104835.173 100 $a20130422d1967 |0itac50 ba 101 $aeng 102 $aGB 105 $a|||| 1|||| 200 1 $aAdrian Henri, Roger McGough, Brian Patten 210 $aHarmondsworth$cPenguin$d1967 215 $a126 p$d19 cm. 461 1$1001UON00423114$12001 $aPenguin modern poets$1210 $aHarmondsworth$cPenguin$d1962$1215 $a19 cm.$v10 606 $aLetteratura inglese$xSec. 20.$3UONC076988$2FI 620 $aGB$dHarmondsworth$3UONL000315 676 $a823.91409$cNarrativa inglese, 1945-1999. Storia, descrizione, studi critici$v21 700 1$aHENRI$bAdrian$3UONV190928$0196522 701 1$aMCGOUGH$bBrian$3UONV215475$0636548 701 1$aPATTEN$bBrian$3UONV215476$0196523 712 $aPenguin Books$3UONV246450$4650 801 $aIT$bSOL$c20250704$gRICA 899 $aSIBA - SISTEMA BIBLIOTECARIO DI ATENEO$2UONSI 912 $aUON00423131 950 $aSIBA - SISTEMA BIBLIOTECARIO DI ATENEO$dSI Angl VI C 0482 $eSI SI 6795/4 5 0482 $sBuono 996 $aAdrian Henri, Roger McGough, Brian Patten$91184583 997 $aUNIOR